[Event "London Classic Open 2015"]
[Site "London ENG"]
[Date "2015.12.05"]
[Round "2.2"]
[White "Gharamian, Tigran"]
[Black "Bates, Richard A"]
[Result "1/2-1/2"]
[WhiteTitle "GM"]
[BlackTitle "IM"]
[WhiteElo "2654"]
[BlackElo "2331"]
[WhiteFideId "13301527"]
[BlackFideId "403555"]
[EventDate "2015.12.04"]

1. e4 c5 2. Nf3 d6 3. Bb5+ Bd7 4. c4 Nf6 5. Nc3 Bxb5 6. cxb5 g6 7. O-O Bg7 8. d4
cxd4 9. Nxd4 O-O 10. Re1 Nbd7 11. Nc2 a6 12. Na3 Rc8 13. Qe2 Nc5 14. Bg5 h6 15.
Bd2 d5 16. exd5 Nxd5 17. Rad1 e6 18. bxa6 bxa6 19. Nab1 Qb6 20. Nxd5 exd5 21.
Bc3 Rfd8 22. Bxg7 Kxg7 23. Qe5+ Qf6 24. Qxf6+ Kxf6 25. f3 d4 26. Kf2 a5 27. Rd2
a4 28. Red1 Ne6 29. Na3 Rb8 30. Rc1 Rb4 31. Rc4 Rdb8 32. Rxb4 Rxb4 33. g3 g5 34.
Ke1 h5 35. Kd1 g4 36. Rf2 Ke5 37. fxg4 hxg4 38. Rxf7 d3 39. Kc1 Re4 40. Kd2 Rd4
41. Rf1 Ng5 42. b3 axb3 43. axb3 Nf3+ 44. Ke3 d2 45. Nc4+ Kd5 46. Rd1 Re4+ 47.
Kf2 Nxh2 48. Rxd2+ Kc5 49. Re2 Rxe2+ 50. Kxe2 Nf3 51. Nd2 Ne5 52. Ke3 Kb4 53.
Kf4 Nd3+ 54. Kxg4 Kc3 55. Kf5 Kxd2 56. g4 Kc3 57. g5 Nb4 58. Ke6 Nd3 59. b4 Kc4
60. Kf5 Nxb4 61. g6 Nd5 62. g7 Ne7+ 63. Ke6 Ng8 64. Kf7 Nh6+ 65. Kf8 Kd5 66.
g8=N Nxg8 67. Kxg8 1/2-1/2

[Event "London Classic Open 2015"]
[Site "London ENG"]
[Date "2015.12.05"]
[Round "2.3"]
[White "Radovanovic, Jovica"]
[Black "Melkumyan, Hrant"]
[Result "1/2-1/2"]
[WhiteTitle "FM"]
[BlackTitle "GM"]
[WhiteElo "2321"]
[BlackElo "2654"]
[WhiteFideId "915912"]
[BlackFideId "13302485"]
[EventDate "2015.12.04"]

1. d4 Nf6 2. Nf3 g6 3. c4 Bg7 4. Nc3 d5 5. cxd5 Nxd5 6. e4 Nxc3 7. bxc3 c5 8.
Bb5+ Nd7 9. O-O O-O 10. Re1 a6 11. Bf1 e6 12. a4 b6 13. Bg5 Qc7 14. Qd2 Bb7 15.
h4 Rfe8 16. h5 Rac8 17. hxg6 hxg6 18. e5 cxd4 19. cxd4 Qc2 20. Qf4 Qf5 21. Qg3
Rc3 22. Be3 Rec8 23. Rac1 Rxc1 24. Bxc1 Rc3 25. Be3 Nf8 26. Qh4 f6 27. exf6 Bxf6
28. Qg3 b5 29. axb5 axb5 30. Qb8 Bxf3 31. gxf3 Rb3 32. Qg3 b4 33. Bh3 Qd5 34.
Qb8 Qd8 35. Qb7 Bg7 36. Rc1 Rc3 37. Qxb4 Rxc1+ 38. Bxc1 Bxd4 39. Bh6 Bg7 40. Be3
Qd5 41. Qe7 Qe5 42. Bg4 Bf6 43. Qc5 Kf7 44. Qxe5 Bxe5 45. Kf1 Nd7 46. Ke2 Nf6
47. Kd3 Bd6 48. Bg5 Nd5 49. Ke4 Nc3+ 50. Kd4 Nb5+ 51. Kc4 Na7 52. Kd4 Nc6+ 53.
Ke4 Bc7 54. Bh3 Bd8 55. Be3 Bh4 56. Bf1 Ne7 57. Bc4 Nf5 58. Bb3 Bf6 1/2-1/2

[Event "London Classic Open 2015"]
[Site "London ENG"]
[Date "2015.12.05"]
[Round "2.4"]
[White "Edouard, Romain"]
[Black "Karthik, V. AP"]
[Result "0-1"]
[WhiteTitle "GM"]
[WhiteElo "2627"]
[BlackElo "2310"]
[WhiteFideId "633429"]
[BlackFideId "25006479"]
[EventDate "2015.12.04"]

1. e4 c5 2. Nf3 d6 3. Bb5+ Bd7 4. Bxd7+ Nxd7 5. O-O Ngf6 6. Qe2 Rc8 7. Rd1 e6 8.
b3 Be7 9. Bb2 O-O 10. a4 Qc7 11. d3 Rfe8 12. Nbd2 Bf8 13. Re1 e5 14. Nc4 g6 15.
Nfd2 Bg7 16. Qf1 d5 17. exd5 Nxd5 18. Ne4 Re6 19. g3 h6 20. Re2 Rce8 21. Rae1 b6
22. Qg2 Nb4 23. h4 Nb8 24. h5 N8c6 25. Rd2 f5 26. Nc3 Qd7 27. Nd1 Nd4 28. c3
Nxb3 29. cxb4 Nxd2 30. Nxd2 Qxd3 31. Nf1 cxb4 32. Qb7 R6e7 33. Qc6 Re6 34. Qc7
gxh5 35. Nde3 f4 36. Rd1 Qg6 37. Ng2 Bf6 38. Qc4 Qg4 39. Rc1 h4 40. gxh4 Qg6 41.
Qd5 Bxh4 42. Rc7 f3 43. Qxf3 Rf8 44. Qd5 Bxf2+ 45. Kh1 Bd4 46. Ng3 Bxb2 47. Re7
Re8 48. Nf5 Kh8 49. Ngh4 Qf6 50. Rxa7 e4 51. Qd7 R6e7 52. Qb5 e3 53. Rxe7 Rxe7
54. Qxb4 Qc6+ 55. Kh2 Be5+ 56. Kh3 Qh1+ 57. Kg4 Qg1+ 58. Kf3 Re8 59. Qb5 Re6 60.
Qd7 Qg8 61. Ke2 Qg4+ 62. Kxe3 Bf4+ 63. Kf2 Qe2+ 64. Kg1 Be3+ 65. Kh1 Qf1+ 66.
Kh2 Bf4+ 0-1

[Event "London Classic Open 2015"]
[Site "London ENG"]
[Date "2015.12.05"]
[Round "2.5"]
[White "Buchicchio, Giampaolo"]
[Black "Jumabayev, Rinat"]
[Result "1-0"]
[WhiteTitle "FM"]
[BlackTitle "GM"]
[WhiteElo "2313"]
[BlackElo "2599"]
[WhiteFideId "811491"]
[BlackFideId "13702661"]
[EventDate "2015.12.04"]

1. e4 c5 2. c3 Nf6 3. e5 Nd5 4. d4 cxd4 5. Nf3 Nc6 6. cxd4 d6 7. Bc4 e6 8. O-O
Be7 9. Qe2 O-O 10. Nc3 dxe5 11. dxe5 Nxc3 12. bxc3 Qa5 13. Bd3 Rd8 14. Rb1 Rb8
15. Rd1 Bd7 16. h4 Be8 17. Bg5 Qxc3 18. Qe4 g6 19. Rbc1 Qa3 20. h5 Nd4 21. Bf6
Bc6 22. Qe3 Nxf3+ 23. gxf3 Bxf6 24. exf6 Ba4 25. hxg6 hxg6 26. Kg2 Bxd1 27. Rxd1
Qb2 28. Qf4 Kf8 29. Rh1 Ke8 30. a4 a6 31. Bxg6 Kd7 32. Rd1+ Ke8 33. Rh1 Kd7 34.
Rd1+ Ke8 35. Rd6 Qb3 36. Qe5 fxg6 37. Rxe6+ Kf7 38. Re7+ Kf8 39. Rg7 1-0

[Event "London Classic Open 2015"]
[Site "London ENG"]
[Date "2015.12.05"]
[Round "2.7"]
[White "Hawkins, Jonathan"]
[Black "Liu, Yi"]
[Result "1-0"]
[WhiteTitle "GM"]
[BlackTitle "FM"]
[WhiteElo "2569"]
[BlackElo "2306"]
[WhiteFideId "412686"]
[BlackFideId "3210588"]
[EventDate "2015.12.04"]

1. Nf3 d5 2. c4 c6 3. g3 Nf6 4. Bg2 Bg4 5. Ne5 Be6 6. cxd5 Bxd5 7. Nf3 e5 8. O-O
Bd6 9. Nc3 O-O 10. d4 e4 11. Nh4 Re8 12. Nf5 Bf8 13. Bg5 Nbd7 14. Nxd5 cxd5 15.
Qb3 Qb6 16. Qxb6 axb6 17. a3 Rec8 18. Rac1 h6 19. Bd2 b5 20. f3 Nb6 21. fxe4
Nxe4 22. Bf4 Nc4 23. Bxe4 dxe4 24. b3 Bxa3 25. bxc4 Bxc1 26. Rxc1 Rxc4 27. Kf2
Rxc1 28. Bxc1 b4 29. d5 Kf8 30. Ke3 Ra1 31. Bb2 Ra2 32. Bxg7+ Ke8 33. Nd6+ Ke7
34. Nxe4 b3 35. Kd3 b2 36. Nc3 Kd6 37. Kc2 Ra1 38. Kxb2 Rh1 39. h4 h5 40. Bf8+
Ke5 41. d6 Ke6 42. Na4 Rh2 43. Nc5+ 1-0

[Event "London Classic Open 2015"]
[Site "London ENG"]
[Date "2015.12.05"]
[Round "2.8"]
[White "Cederstam Barsk, Carl"]
[Black "Dragun, Kamil"]
[Result "0-1"]
[WhiteTitle "FM"]
[BlackTitle "GM"]
[WhiteElo "2291"]
[BlackElo "2564"]
[WhiteFideId "1713329"]
[BlackFideId "1134167"]
[EventDate "2015.12.04"]

1. d4 Nf6 2. c4 e6 3. Nc3 Bb4 4. Qc2 O-O 5. Nf3 d6 6. Bd2 b6 7. e3 Bb7 8. Bd3
Nbd7 9. a3 Bxc3 10. Bxc3 c5 11. Ng5 h6 12. Nh7 Nxh7 13. Bxh7+ Kh8 14. Be4 d5 15.
cxd5 exd5 16. Bf3 c4 17. Qf5 Nf6 18. g4 Qc8 19. Qf4 Qb8 20. Qxb8 Raxb8 21. h4
Ne4 22. g5 Kh7 23. Rg1 Rfe8 24. Bd1 Bc8 25. Bc2 Bf5 26. f3 Nd6 27. Bb4 Rxe3+ 28.
Kf2 Rbe8 29. Rae1 Rxe1 30. Rxe1 Rd8 31. Bxd6 Bxc2 32. Be7 Rc8 33. gxh6 Kxh6 34.
Bb4 Bf5 35. Bd2+ Kg6 36. Re7 a5 37. Kg3 Be6 38. Rb7 Rc6 39. Kf4 Bc8 40. Re7 Kf6
41. Re5 Be6 42. Rg5 Rc8 43. Kg3 g6 44. Re5 Ke7 45. Re1 Kd7 46. Re5 Kc6 47. Kf4
Kb5 48. Kg5 Rh8 49. Be1 Ka4 50. Re3 Rh5+ 51. Kf6 Rf5+ 52. Ke7 Rf4 53. Bc3 b5 54.
Kd6 Rxh4 55. f4 Rh8 56. Be1 Rh2 0-1

[Event "London Classic Open 2015"]
[Site "London ENG"]
[Date "2015.12.05"]
[Round "2.9"]
[White "Rambaldi, Francesco"]
[Black "Paterek, Michal"]
[Result "1-0"]
[WhiteTitle "GM"]
[BlackTitle "FM"]
[WhiteElo "2560"]
[BlackElo "2293"]
[WhiteFideId "20657307"]
[BlackFideId "1116142"]
[EventDate "2015.12.04"]

1. e4 c6 2. d4 d5 3. Nd2 dxe4 4. Nxe4 Nd7 5. Ng5 Ngf6 6. Bd3 e6 7. N1f3 Bd6 8.
Qe2 h6 9. Ne4 Nxe4 10. Qxe4 Qc7 11. O-O b6 12. Qg4 g5 13. Qh3 Rg8 14. Re1 g4 15.
Qxh6 gxf3 16. Rxe6+ fxe6 17. Qxe6+ Kf8 18. Bh6+ Rg7 19. Qf5+ Kg8 20. Bc4+ Kh8
21. Bxg7+ Kxg7 22. Qg5+ Kf8 23. Qg8+ Ke7 24. Re1+ Be5 25. dxe5 Nc5 26. Qf7+ Kd8
27. Qf8+ 1-0

[Event "London Classic Open 2015"]
[Site "London ENG"]
[Date "2015.12.05"]
[Round "2.10"]
[White "Haugli, Petter"]
[Black "Hillarp Persson, Tiger"]
[Result "0-1"]
[WhiteTitle "IM"]
[BlackTitle "GM"]
[WhiteElo "2260"]
[BlackElo "2521"]
[WhiteFideId "1500104"]
[BlackFideId "1700812"]
[EventDate "2015.12.04"]

1. c4 e5 2. Nc3 Nc6 3. Nf3 f5 4. d4 e4 5. Ng5 Nf6 6. e3 h6 7. Nh3 g5 8. f3 Bb4
9. Nf2 Bxc3+ 10. bxc3 d6 11. fxe4 fxe4 12. Be2 Bf5 13. Ba3 Qd7 14. Qb3 Na5 15.
Qb5 Qxb5 16. cxb5 Be6 17. Bb4 Nc4 18. Nd1 a5 19. bxa6 Rxa6 20. a4 Rf8 21. Bxc4
Bxc4 22. Nb2 Be6 23. c4 Ng4 24. Bd2 Rb6 25. Nd1 Bxc4 26. h3 Nf6 27. Rc1 Rc6 28.
Nb2 Ba6 29. Rxc6 bxc6 30. Nd1 Kd7 31. g4 Ke6 32. Nc3 Bd3 33. Rh2 Nxg4 0-1

[Event "London Classic Open 2015"]
[Site "London ENG"]
[Date "2015.12.05"]
[Round "2.11"]
[White "Vishnu Prasanna, V"]
[Black "Chen, Pengyu"]
[Result "1-0"]
[WhiteTitle "GM"]
[BlackTitle "FM"]
[WhiteElo "2514"]
[BlackElo "2289"]
[WhiteFideId "5030692"]
[BlackFideId "3212092"]
[EventDate "2015.12.04"]

1. e4 e5 2. Nf3 Nc6 3. Bb5 a6 4. Ba4 Nf6 5. O-O Be7 6. Re1 b5 7. Bb3 d6 8. a4 b4
9. d4 Bg4 10. dxe5 dxe5 11. Qxd8+ Rxd8 12. Nbd2 Nd7 13. a5 f6 14. Bd5 Na7 15.
Nb3 c6 16. Bc4 Nb5 17. Be3 Bh5 18. Nfd2 Bf7 19. Bf1 Nf8 20. Bb6 Rd7 21. Rad1 Ne6
22. Nc4 g6 23. h4 h5 24. g3 g5 25. Ne3 Rg8 26. Kh2 gxh4 27. gxh4 Ned4 28. Nxd4
exd4 29. Nf5 Bd6+ 30. Nxd6+ Rxd6 31. Bc5 Rd7 32. Bh3 Rc7 33. e5 Bd5 34. exf6+
Kf7 35. Bxd4 Nxd4 36. Rxd4 Kxf6 37. Rxb4 Kg7 38. Rg1+ Kh8 39. Rxg8+ Kxg8 40. Bf1
Rf7 41. f4 c5 42. Rb8+ Kg7 43. Kg3 Re7 44. Bxa6 Re3+ 45. Kh2 c4 46. Bb7 1-0

[Event "London Classic Open 2015"]
[Site "London ENG"]
[Date "2015.12.05"]
[Round "2.12"]
[White "Roe, Simon J"]
[Black "Gledura, Benjamin"]
[Result "0-1"]
[BlackTitle "IM"]
[WhiteElo "2254"]
[BlackElo "2513"]
[WhiteFideId "401471"]
[BlackFideId "712779"]
[EventDate "2015.12.04"]

1. e4 e5 2. Nf3 Nc6 3. Bb5 a6 4. Ba4 Nf6 5. O-O Be7 6. Bxc6 dxc6 7. Qe1 Nd7 8.
b3 O-O 9. Bb2 Bd6 10. d4 exd4 11. Bxd4 Re8 12. Qc3 Rxe4 13. Nbd2 Rg4 14. Rad1 c5
15. Be3 b5 16. h3 Rg6 17. Ne4 Bb7 18. Bg5 Qf8 19. Rfe1 Re8 20. Nxd6 cxd6 21. Bf4
Rxe1+ 22. Rxe1 h6 23. Bg3 Rf6 24. Bh4 Re6 25. Rxe6 fxe6 26. Qe3 e5 27. c4 bxc4
28. bxc4 Qf7 29. Nd2 Nf8 30. Ne4 Bc6 31. Bg3 Qg6 32. Nc3 Ne6 33. Nd5 Bxd5 34.
cxd5 Nd4 35. f4 Nf5 0-1

[Event "London Classic Open 2015"]
[Site "London ENG"]
[Date "2015.12.05"]
[Round "2.13"]
[White "Sadzikowski, Daniel"]
[Black "Stachanczyk, Jacek"]
[Result "1-0"]
[WhiteTitle "IM"]
[BlackTitle "IM"]
[WhiteElo "2506"]
[BlackElo "2258"]
[WhiteFideId "1132253"]
[BlackFideId "1116657"]
[EventDate "2015.12.04"]

1. Nf3 g6 2. e4 c5 3. d4 cxd4 4. Nxd4 Nf6 5. f3 Nc6 6. c4 Qb6 7. Nc2 Bg7 8. Nc3
O-O 9. Bd2 Nd4 10. Rc1 d6 11. Nxd4 Qxd4 12. Bg5 Qb6 13. Qd2 Be6 14. b3 Rfc8 15.
Be2 a6 16. Be3 Qa5 17. Na4 Qxd2+ 18. Kxd2 Nd7 19. g4 Rc7 20. h3 f5 21. exf5 gxf5
22. Rhg1 Rf8 23. Nc3 Ne5 24. f4 Ng6 25. g5 Bf7 26. Nd5 Rd7 27. Bd3 e6 28. Nf6+
Bxf6 29. gxf6 Be8 30. h4 Kf7 31. h5 Nh4 32. Be2 Kxf6 33. Bf2 Ng6 34. hxg6 hxg6
35. Bf3 e5 36. Bh4+ Kg7 37. Rh1 1-0

[Event "London Classic Open 2015"]
[Site "London ENG"]
[Date "2015.12.05"]
[Round "2.14"]
[White "Westerberg, Jonathan"]
[Black "Cordes, Hans-Joerg"]
[Result "1-0"]
[WhiteTitle "IM"]
[BlackTitle "FM"]
[WhiteElo "2497"]
[BlackElo "2250"]
[WhiteFideId "1701754"]
[BlackFideId "4602234"]
[EventDate "2015.12.04"]

1. e4 e6 2. d4 d5 3. Nc3 Nf6 4. Bg5 dxe4 5. Nxe4 Be7 6. Bxf6 gxf6 7. Nf3 f5 8.
Nc3 a6 9. d5 Bf6 10. Qd2 e5 11. O-O-O e4 12. Qe3 O-O 13. Nd2 b5 14. Kb1 b4 15.
Na4 Qxd5 16. Qg3+ Kh8 17. Qxc7 Be6 18. Bc4 Qc6 19. Qxc6 Nxc6 20. Bxe6 fxe6 21.
Nb3 Rg8 22. Rd6 Ne5 23. Rxe6 Raf8 24. g3 Ng4 25. Nac5 Re8 26. Rxe8 Rxe8 27. Nxa6
Nxf2 28. Re1 Be7 29. Nd4 Rf8 30. Nc6 Bd6 31. Naxb4 Ng4 32. Re2 Nxh2 33. Rxh2
Bxg3 34. Rh1 f4 35. Kc1 e3 36. Ne5 f3 37. Ng6+ Kg7 38. Nxf8 1-0

[Event "London Classic Open 2015"]
[Site "London ENG"]
[Date "2015.12.05"]
[Round "2.16"]
[White "Haussernot, Cecile"]
[Black "Arkell, Keith C"]
[Result "0-1"]
[WhiteTitle "WFM"]
[BlackTitle "GM"]
[WhiteElo "2242"]
[BlackElo "2490"]
[WhiteFideId "601632"]
[BlackFideId "400270"]
[EventDate "2015.12.04"]

1. e4 c6 2. d4 d5 3. e5 c5 4. dxc5 Nc6 5. Nf3 Bg4 6. Bb5 Bxf3 7. Qxf3 Qa5+ 8.
Nc3 e6 9. Bd2 Qc7 10. O-O Bxc5 11. Qg4 Kf8 12. Bxc6 Qxc6 13. b4 Bb6 14. b5 Qc7
15. Na4 Ne7 16. Bb4 Qxe5 17. Nxb6 axb6 18. c4 h5 19. Qf3 Qe4 20. Qg3 Re8 21. Qd6
Rh6 22. Rfe1 Qxc4 23. Rac1 Qxb5 24. a4 Qxa4 25. Qxb6 Kg8 26. Qxb7 Nf5 27. Ra1
Qc2 28. Rac1 Qb2 29. Qb5 Ra8 30. Qb7 Ra2 31. Rf1 Kh7 32. Rb1 Qf6 33. Rbc1 Nh4
34. Rc3 Rg6 35. g3 Rb2 0-1

[Event "London Classic Open 2015"]
[Site "London ENG"]
[Date "2015.12.05"]
[Round "2.17"]
[White "Swayams, Mishra"]
[Black "Ronka, Erik"]
[Result "1-0"]
[WhiteTitle "IM"]
[WhiteElo "2477"]
[BlackElo "2248"]
[WhiteFideId "5028183"]
[BlackFideId "505080"]
[EventDate "2015.12.04"]

1. d4 Nf6 2. c4 g6 3. Nc3 Bg7 4. e4 d6 5. Nf3 O-O 6. Be2 e5 7. O-O exd4 8. Nxd4
Re8 9. f3 c6 10. Kh1 Nbd7 11. g4 Nb6 12. Bf4 a6 13. Qd2 d5 14. exd5 cxd5 15. c5
Nc4 16. Bxc4 dxc4 17. Bd6 b6 18. g5 Nh5 19. Nd5 Bxd4 20. Qxd4 Bb7 21. Rae1 bxc5
22. Qxc5 Rc8 23. Ne7+ Rxe7 24. Bxe7 Qd7 25. Qf2 Nf4 26. Bf6 Nd3 27. Qh4 h5 28.
gxh6 Kh7 29. Re7 Qd5 30. Bc3 Nc5 31. Qf6 1-0

[Event "London Classic Open 2015"]
[Site "London ENG"]
[Date "2015.12.05"]
[Round "2.18"]
[White "Britton, Richard L"]
[Black "Andersen, Mads"]
[Result "0-1"]
[WhiteTitle "FM"]
[BlackTitle "IM"]
[WhiteElo "2238"]
[BlackElo "2474"]
[WhiteFideId "401692"]
[BlackFideId "1413864"]
[EventDate "2015.12.04"]

1. e4 e6 2. d3 d5 3. Nd2 Nf6 4. Ngf3 c5 5. g3 g6 6. Bg2 Bg7 7. O-O O-O 8. Qe2
Nc6 9. c3 b6 10. Rd1 Ba6 11. exd5 Nxd5 12. Ne4 Qc7 13. a3 Rad8 14. Rb1 Nde7 15.
b4 cxb4 16. axb4 Bb7 17. b5 Na5 18. Bf4 Qc8 19. c4 Nf5 20. h4 Ba8 21. h5 gxh5
22. Nh4 Nxh4 23. gxh4 e5 24. Bg3 f5 25. Ng5 Bxg2 26. Kxg2 h6 27. Nf3 f4 28. Bh2
Qf5 29. Kh1 Kh8 30. c5 bxc5 31. Ra1 Nb3 32. Rxa7 Rg8 33. Rc7 Bf6 34. b6 e4 35.
dxe4 Rxd1+ 36. Qxd1 Qg4 37. Bg3 fxg3 38. Qxb3 gxf2 0-1

[Event "London Classic Open 2015"]
[Site "London ENG"]
[Date "2015.12.05"]
[Round "2.20"]
[White "Lahtela, Silvo"]
[Black "Zhou, Yang-Fan"]
[Result "1/2-1/2"]
[BlackTitle "IM"]
[WhiteElo "2236"]
[BlackElo "2459"]
[WhiteFideId "4634276"]
[BlackFideId "468584"]
[EventDate "2015.12.04"]

1. d4 Nf6 2. c4 g6 3. f3 Bg7 4. e4 O-O 5. Nc3 Nc6 6. Nge2 e5 7. Be3 d6 8. d5 Na5
9. Nc1 c5 10. Bd3 a6 11. O-O Bd7 12. Qe2 Nh5 13. g3 Rc8 14. Qg2 b5 15. b3 Rb8
16. cxb5 axb5 17. N1e2 f5 18. Rac1 f4 19. Bd2 fxg3 20. hxg3 Bf6 21. Nd1 Bg5 22.
f4 Bh6 23. Be3 exf4 24. gxf4 c4 25. Bc2 cxb3 26. axb3 Rc8 27. e5 dxe5 28. fxe5
Rxf1+ 29. Kxf1 Bg7 30. e6 Be8 31. Be4 Rxc1 32. Nxc1 Be5 33. Nd3 Bd6 34. Bf3 Ng3+
35. Kg1 Nf5 36. b4 Nc4 37. Bc5 Qf6 38. Be4 g5 39. Qf3 Bg6 40. Bxf5 Bxf5 41. Ne3
Qa1+ 42. Kg2 Nxe3+ 43. Qxe3 Qa2+ 44. Kf1 Bxd3+ 45. Qxd3 Qa1+ 46. Kf2 Qa2+ 47.
Kf1 Qa1+ 48. Kf2 Qa2+ 49. Ke3 Bf4+ 50. Kf3 Qh2 51. e7 Qh5+ 52. Kg2 g4 53. d6
Qh2+ 54. Kf1 Qh1+ 55. Ke2 Qh5 56. Qb3+ Kg7 57. Bd4+ Be5 58. Bxe5+ Qxe5+ 59. Qe3
Qh2+ 60. Ke1 Qh1+ 61. Kd2 Qd5+ 62. Ke2 Qg2+ 63. Kd3 Qd5+ 64. Qd4+ Qxd4+ 65. Kxd4
Kf7 66. Kc5 g3 67. Kc6 g2 68. Kd7 g1=Q 69. e8=Q+ Kg7 70. Qe5+ Kf7 71. Qf5+ Kg7
72. Ke6 Qe3+ 73. Kd7 Qb6 74. Ke7 Qe3+ 75. Qe6 Qg5+ 76. Ke8 Qh5+ 77. Kd8 Qf3 78.
Qe5+ Kf7 79. Qe8+ Kg7 80. d7 Qa8+ 81. Kc7 Qa7+ 82. Kc6 Qa6+ 83. Kc5 Qa7+ 84.
Kxb5 Qb7+ 85. Kc5 Qc7+ 86. Kd5 Qb7+ 87. Kc4 Qc6+ 88. Kb3 Qd5+ 89. Kc3 Qc6+ 90.
Kd3 Qd6+ 91. Ke3 Qg3+ 92. Ke4 Qe1+ 93. Kf5 Qf2+ 94. Ke5 Qe3+ 95. Kd5 Qd3+ 96.
Kc5 Qc3+ 97. Kb5 Qd3+ 98. Kb6 Qd4+ 99. Ka6 Qd6+ 100. Ka5 Qc7+ 101. Ka4 Qc2+ 102.
Kb5 Qd3+ 103. Kc5 Qc3+ 104. Kd5 Qd3+ 105. Kc5 Qc3+ 1/2-1/2

[Event "London Classic Open 2015"]
[Site "London ENG"]
[Date "2015.12.05"]
[Round "2.21"]
[White "Georgescu, Tiberiu-Marian"]
[Black "Rozycki, Bartlomiej"]
[Result "1/2-1/2"]
[WhiteTitle "GM"]
[WhiteElo "2453"]
[BlackElo "2231"]
[WhiteFideId "1213300"]
[BlackFideId "1106996"]
[EventDate "2015.12.04"]

1. d4 Nf6 2. c4 e6 3. Nf3 Bb4+ 4. Nbd2 O-O 5. a3 Bxd2+ 6. Qxd2 b6 7. g3 Bb7 8.
Bg2 d6 9. O-O Be4 10. b4 Nbd7 11. Bb2 Rc8 12. Rfd1 Qe7 13. Rac1 Rfd8 14. Qc3 d5
15. c5 c6 16. Bf1 b5 17. a4 a6 18. Ra1 Re8 19. axb5 axb5 20. Ra7 Ra8 21. Ne5
Rac8 22. Bc1 Qd8 23. Bg5 Re7 24. Ra6 Nb8 25. Ra8 Rec7 26. f3 Bf5 27. g4 Bg6 28.
Rda1 Nbd7 29. Qa3 Bc2 30. Nxd7 Qxd7 31. Rxc8+ Rxc8 32. Bxf6 gxf6 33. Qa7 Qe8 34.
Ra6 e5 35. dxe5 fxe5 36. Qb7 Qe6 37. Ra7 e4 38. Qd7 Re8 39. Qxe6 Rxe6 40. Kf2
e3+ 41. Ke1 Kg7 42. Bg2 Kg6 43. h4 h5 44. Ra8 Re7 45. Rg8+ Kf6 46. Ra8 hxg4 47.
fxg4 Ke5 48. Bf3 Kd4 49. Rc8 Be4 50. Bxe4 Rxe4 51. Rg8 f5 52. h5 fxg4 53. h6 Re7
54. Rg7 Re8 55. Rxg4+ Kc3 56. h7 Rh8 57. Rh4 d4 58. Kf1 Kc4 59. Kg2 Kxb4 60.
Rxd4+ Kxc5 61. Rd7 Kc4 62. Kf3 c5 63. Kxe3 b4 64. Rc7 Kb3 65. Rxc5 Rxh7 66. Rb5
Kc3 67. Rc5+ Kb2 68. Kd4 b3 69. e4 Ka3 70. Ra5+ Kb4 71. Ra1 b2 72. Rb1 Kb3 73.
e5 Kc2 74. Rg1 b1=Q 75. Rxb1 Kxb1 76. e6 Kc2 77. Ke5 Kd3 78. Kd6 Ke4 79. e7 Rxe7
80. Kxe7 1/2-1/2

[Event "London Classic Open 2015"]
[Site "London ENG"]
[Date "2015.12.05"]
[Round "2.22"]
[White "Lercel, Michal"]
[Black "Bartholomew, John"]
[Result "0-1"]
[BlackTitle "IM"]
[WhiteElo "2228"]
[BlackElo "2443"]
[WhiteFideId "1114700"]
[BlackFideId "2019353"]
[EventDate "2015.12.04"]

1. d4 d5 2. c4 c6 3. Nf3 Nf6 4. Qc2 dxc4 5. Qxc4 Bg4 6. Nc3 Nbd7 7. Qd3 Qb6 8.
e4 Bxf3 9. gxf3 e5 10. Be3 Qxb2 11. Rb1 Qa3 12. Rg1 exd4 13. Bxd4 Rd8 14. Qe3
Nc5 15. Bc4 b5 16. e5 Nfd7 17. e6 Nxe6 18. Bxe6 fxe6 19. Qxe6+ Qe7 20. Qxe7+
Kxe7 21. Bxg7 Rg8 22. Bxf8+ Rdxf8 23. Rg4 Rxg4 24. fxg4 Ne5 25. h3 Nd3+ 26. Kd2
Nxf2 27. Re1+ Kd6 28. Rf1 b4 29. Nb5+ cxb5 30. Ke2 a5 31. Rxf2 Rxf2+ 32. Kxf2 a4
33. Ke3 b3 34. axb3 a3 0-1

[Event "London Classic Open 2015"]
[Site "London ENG"]
[Date "2015.12.05"]
[Round "2.23"]
[White "Kugler, Florian"]
[Black "Cherniaev, Alexander"]
[Result "0-1"]
[BlackTitle "GM"]
[WhiteElo "2213"]
[BlackElo "2441"]
[WhiteFideId "4633300"]
[BlackFideId "4117301"]
[EventDate "2015.12.04"]

1. Nf3 d5 2. g3 c6 3. Bg2 Nf6 4. d4 Bf5 5. O-O h6 6. c4 e6 7. Nc3 Nbd7 8. Re1
Be7 9. cxd5 exd5 10. Nh4 Be6 11. Qd3 g6 12. e4 Nxe4 13. Nxe4 dxe4 14. Rxe4 Nc5
15. Qe2 Nxe4 16. Qxe4 Bxh4 17. gxh4 Qe7 18. Qe5 f6 19. Qa5 Qd7 20. Bd2 Kf7 21.
Rc1 Rhe8 22. Bb4 Bd5 23. Bxd5+ Qxd5 24. Qc7+ Kg8 25. Qg3 Qf5 26. Rc5 Qb1+ 27.
Kg2 Rad8 28. Bc3 Rd7 29. d5 Qe4+ 30. Kg1 cxd5 31. Bxf6 Rf7 32. Bc3 Rf3 33. Qg2
Qb1+ 34. Qf1 Qxf1+ 35. Kxf1 Rf5 36. Bd4 a6 37. Rc7 Rf7 38. Rc3 Re4 39. Bb6 Rxh4
40. Rc8+ Kh7 41. Rd8 Rb4 42. Bc5 Rxb2 43. Bd4 Rb1+ 44. Kg2 g5 45. Rxd5 Rd1 46.
Rd8 Rd2 47. Rh8+ Kg6 48. Rg8+ Kf5 49. Be3 Rxa2 50. Rh8 Rf6 51. Bd4 Rg6 52. Kf3
Ra3+ 53. Be3 a5 54. Rc8 Rc6 55. Rf8+ Rf6 56. Rc8 Rb3 57. Rc5+ Kg6+ 0-1

[Event "London Classic Open 2015"]
[Site "London ENG"]
[Date "2015.12.05"]
[Round "2.24"]
[White "Sagar, Shah"]
[Black "Harley, Andrew D"]
[Result "1-0"]
[WhiteTitle "IM"]
[BlackTitle "FM"]
[WhiteElo "2441"]
[BlackElo "2226"]
[WhiteFideId "5022509"]
[BlackFideId "401390"]
[EventDate "2015.12.04"]

1. Nf3 Nf6 2. c4 c5 3. d4 cxd4 4. Nxd4 e6 5. Nc3 Bb4 6. Nb5 O-O 7. a3 Be7 8. e4
d6 9. Be2 Nc6 10. Be3 a6 11. Nd4 Bd7 12. Rc1 Qa5 13. Nb3 Qc7 14. O-O Rac8 15.
Nd2 Qb8 16. Na4 Bd8 17. Nb6 Bxb6 18. Bxb6 d5 19. exd5 exd5 20. Nf3 dxc4 21. Rxc4
Be6 22. Rh4 Nd5 23. Bc5 Rfd8 24. Qc2 g6 25. Qd2 b6 26. Bd4 Nxd4 27. Nxd4 b5 28.
Nxe6 fxe6 29. Rd4 Qc7 30. Bg4 Qf7 31. Re1 Rc6 32. g3 Rdd6 33. h4 Kg7 34. Qe2 h5
35. Bh3 Qf6 36. Re4 Nc7 37. Rf4 Qe7 38. Qe5+ Kh7 39. Bg2 Rc4 40. Be4 Kh6 41. Rf6
Rxe4 42. Qg5+ 1-0